| 000 | 00367nam a2200145Ia 4500 | ||
|---|---|---|---|
| 005 | 20251222152010.0 | ||
| 008 | 251222s9999||||xx |||||||||||||| ||spa|| | ||
| 020 | _a9789972234262 | ||
| 082 | _a657/A64 | ||
| 100 | _aApaza Meza, Mario | ||
| 245 | 0 | _aContabilización de Instrumentos Financieros: | |
| 250 | _a1ra. ed. | ||
| 264 | _bPacífico Editores | ||
| 942 | _cLIB | ||
| 999 |
_c24867 _d24867 |
||